Rihanna Songs A-Z - Statistics

General Stats
  • This quiz has been taken 344 times
  • The average score is 12 of 22
Answer Stats
Hint Answer % Correct
D Dancing In The Dark | Dem Haters | Desperado | Diamonds | Disturbia | Don't Stop The Music | Do Ya Thang | Drunk On Love
92%
S Same Ol' Mistakes | Say It | Selfish | Selfish Girl | Sell Me Candy | Sex With Me | Should I | Shut Up And Drive | Shy Ronnie | Shy Ronnie 2: Ronnie & Clyde | Skin | Sledgehammer | S&M | SOS | Stay | Stupid In Love
88%
U Umbrella | Unfaithful
87%
W Wait Your Turn | Watch n' Learn | We All Want Love | We Found Love | We Ride | What Now | What's My Name? | Where Have You Been | Who's That Chick? | Wild Thoughts | Willing To Wait | Woo | Work
85%
L Lemme Get That | Lemon | Let Me | Lift Me Up | Live Your Life | Livin' A Lie | Lost In Paradise | Loveeeeeee Song | Love On The Brain | Love The Way You Lie | Love Without Tragedy / Mother Mary | LOYALTY.
78%
T Take A Bow | Take Care | Talk That Talk | Te Amo | That La, La, La | The Hotness | The Last Song | The Last Time | The Monster | The One | There's A Thug In My Life | This Is What You Came For | Too Good | Towards The Sun
73%
R Raining Men | Redemption Song | Red Lipstick | Rehab | Right Now | ROCKSTAR 101 | Roc Me Out | Rude Boy | Run This Town | Rush | Russian Roulette
72%
B Bad | BELIEVE IT | Birthday Cake | Bitch Better Have My Money | Boom Boom | Born Again | Breakin' Dishes | Break It Off
70%
P Photographs | Phresh Out The Runway | Pon de Replay | Pose | Pour It Up | Princess of China | P.S. (I'm Still Not Over You) | Push Up On Me
67%
C California King Bed | Can't Remember To Forget You | Cheers (Drink To That) | Close To You | Cockiness (Love It) | Cold Case Love | Complicated | Consideration | Crazy Little Thing Called Love | Cry
58%
O Only Girl (In The World)
57%
M Mad House | Man Down | Music Of The Sun
53%
N Needed Me | Never Ending | Nobody's Business | No Love Allowed | Nothing Is Promised | Now I Know | Numb | Numba 1
53%
F Fading | Famous | Farewell | Final Goodbye | Fire Bomb | First Time | Fly | Fool In Love | FourFiveSeconds
38%
K Kisses Don't Lie | Kiss It Better
38%
Y Yeah, I Said It | You Da One | You Don't Love Me (No, No, No)
32%
H Half Of Me | Hard | Hate That I Love You | Haunted | Here I Go Again | Higher
29%
A A Girl Like Me | A Million Miles Away | All Of The Lights | American Oxygen | As Real As You And Me
28%
G G4L | Get It Over With | Good Girl Gone Bad | Goodnight Gotham
27%
J James Joint | Jump | JUST STAND UP!
23%
I If I Never See Your Face Again | If It's Lovin' That You Want
20%
Q Question Existing
14%
No matching quizzes found
Score Distribution
Percent of People with Each Score
Percentile by Number Answered
Your Score History
You have not taken this quiz